MARC details
| 000 -LEADER |
| campo de control de longitud fija |
01577nam a2200349 i 4500 |
| 001 - NÚMERO DE CONTROL |
| campo de control |
187200 |
| 003 - IDENTIFICADOR DE NÚMERO DE CONTROL |
| campo de control |
SpMaBN |
| 005 - FECHA Y HORA DE LA ÚLTIMA TRANSACCIÓN |
| campo de control |
20250630063523.0 |
| 008 - DATOS DE LONGITUD FIJA--INFORMACIÓN GENERAL |
| campo de control de longitud fija |
170505m19901993ck acf |||| | spa d |
| 080 ## - NÚMERO DE LA CLASIFICACIÓN DECIMAL UNIVERSAL |
| Número de la Clasificación Decimal Universal |
986.1"1832/86" |
| 080 ## - NÚMERO DE LA CLASIFICACIÓN DECIMAL UNIVERSAL |
| Número de la Clasificación Decimal Universal |
986.1"1886/1903" |
| 100 1# - ENTRADA PRINCIPAL--NOMBRE DE PERSONA |
| Nombre de persona |
Caro, Miguel Antonio, |
| Fechas asociadas al nombre |
1843-1909 |
| 9 (RLIN) |
35400 |
| Término indicativo de función/relación |
Autor |
| 245 10 - MENCIÓN DEL TÍTULO |
| Título |
Escritos políticos / |
| Mención de responsabilidad, etc. |
Miguel Antonio Caro ; estudio preliminar, compilación y notas por Carlos Valderrama Andrade. |
| 260 ## - PUBLICACIÓN, DISTRIBUCIÓN, ETC. |
| Lugar de publicación, distribución, etc. |
Bogotá : |
| Nombre del editor, distribuidor, etc. |
Instituto Caro y Cuervo, |
| Fecha de publicación, distribución, etc. |
1990. |
| 300 ## - DESCRIPCIÓN FÍSICA |
| Extensión |
4 volúmenes (LVIII, 369 páginas; LVII, 531 páginas; LXVII, 435 páginas; LXVII, 402 páginas) : |
| Otras características físicas |
ilustraciones, láminas ; |
| Dimensiones |
22 cm. |
| 490 1# - MENCIÓN DE SERIE |
| Mención de serie |
Obras completas de Miguel Antonio Caro ; |
| Designación de volumen o secuencia |
9-10-11-12 |
| 490 1# - MENCIÓN DE SERIE |
| Mención de serie |
Biblioteca colombiana ; |
| Designación de volumen o secuencia |
33-34-35-36 |
| 500 ## - NOTA GENERAL |
| Nota general |
Índices |
| 505 8# - NOTA DE CONTENIDO CON FORMATO |
| Nota de contenido con formato |
Primera serie, 1990; Segunda serie, 1990; Tercera serie, 1991; Cuarta serie, 1993 |
| 594 ## - Nota al título y mención de responsabilidad |
| Nota al título y mención de responsabilidad |
En port. del v. 4: "Sesquicentenario del nacimiento del Señor Caro" |
| 599 ## - NOTA A LAS ILUSTRACIONES |
| NOTA A LAS ILUSTRACIONES |
Retrato del autor en los 4 v. |
| 651 #7 - PUNTO DE ACCESO ADICIONAL DE MATERIA--NOMBRE GEOGRÁFICO |
| Nombre geográfico |
Colombia- |
| Subdivisión general |
Historia- |
| Subdivisión cronológica |
1832-1886. |
| 9 (RLIN) |
162545 |
| 651 #4 - PUNTO DE ACCESO ADICIONAL DE MATERIA--NOMBRE GEOGRÁFICO |
| Nombre geográfico |
Colombia- |
| Subdivisión general |
Historia- |
| Subdivisión cronológica |
1886-1903. |
| 9 (RLIN) |
162546 |
| 700 1# - ENTRADA AGREGADA--NOMBRE PERSONAL |
| Nombre de persona |
Valderrama Andrade, Carlos. |
| 9 (RLIN) |
160111 |
| Término indicativo de función/relación |
Editor literario |
| 710 2# - ENTRADA AGREGADA--NOMBRE DE ENTIDAD CORPORATIVA |
| Nombre de entidad corporativa o nombre de jurisdicción como elemento de entrada |
Instituto Caro y Cuervo. |
| 9 (RLIN) |
4806 |
| Término indicativo de función/relación |
Editor |
| 830 0# - PUNTO DE ACCESO ADICIONAL DE SERIE-TÍTULO UNIFORME |
| Título uniforme |
Obras completas de Miguel Antonio Caro ; |
| Designación de volumen o secuencia |
9-10-11-12 |
| 9 (RLIN) |
192742 |
| 830 0# - PUNTO DE ACCESO ADICIONAL DE SERIE-TÍTULO UNIFORME |
| Título uniforme |
Biblioteca colombiana ; |
| Designación de volumen o secuencia |
33-34-35-36 |
| 9 (RLIN) |
192743 |
| 852 ## - LOCALIZACIÓN |
| Ubicación |
ES-MaACL |
| Ubicación en estantería |
Depósito 2 |
| Donativo/Legado |
Donat. herederos José Prat |
| Número de control de estantería |
L-31540-43 |
| 942 ## - ELEMENTOS DE ENTRADA SECUNDARIOS (KOHA) |
| Fuente del sistema de clasificación o colocación |
Clasificación decimal universal |
| Tipo de ítem Koha |
Libro impreso |
| Suprimir en OPAC |
No |